000 01064cam a2200289 4500
008 090401t1999 xxu||||| |||| 00| 0 eng d
020 _a0632049278
035 _a(Sirsi) u87570
041 _aeng
050 _a692.8
100 _aCraig, R.W.
245 _aProcurement law for construction and engineering works and services.
260 _aOxford
_bBlackwell Science
_c1999
300 _axvi,924p. ; 24cm.
350 _a99.5
520 _aReviews the law concerning the procurement of construction and engineering works and services. Examines the traditional view of tenders, the two contract analysis, the tendering contract, bonds, letters of intent, the scope for judicial review and public procurement in the European Union.
650 _aBUILT ENVIRONMENT-BUILDING CONTRACT FORMS
650 _aJUDICIAL REVIEW
650 _aLETTERS OF INTENT
650 _aTENDER DOCUMENTS
650 _aTENDERING CONTRACTS
650 _aTENDERS
650 _aTWO CONTRACT ANALYSIS
690 _aBUILT ENVIRONMENT
942 _n0
948 _c22/07/1998
999 _c97249
_d97249